000
00292nam a2200109Ia 4500
008
190216s9999||||xx |||||||||||||| ||und||
100
_a
Mani P K&Amp;Thomas A O
245
0
_a
Text Book Of Chemistry For Pre-Degree Student
260
_b
Scientific Book Agency
650
_a
Chemistry
942
_c
BK
999
_c
2018
_d
2018